| 000 | 00610nam a2200181Ia 4500 | ||
|---|---|---|---|
| 008 | 151018s9999 xx 000 0 und d | ||
| 082 |
_bRBASDV40099 _a920 |
||
| 100 | _aचंद्रकांत कुलकर्णी | ||
| 245 | _aपाउलखुणा | ||
| 250 | _b1 | ||
| 260 | _b"लाखे प्रकाशन, नागपूर" | ||
| 300 | _a112 | ||
| 600 | _aचंद्रकांत कुलकर्णी | ||
| 630 | _aपाउलखुणा | ||
| 700 | _aचंद्रकांत कुलकर्णी | ||
| 730 | _aपाउलखुणा | ||
| 942 | _cBOOK | ||
| 999 |
_c1039382 _d1039379 |
||